Blast off / by Linda C. Cain and Susan Rosenbaum ; ... Read More
Available copies
- 2 of 2 copies available at LARL/NWRL Consortium.
- 2 of 2 copies available at Lake Agassiz Regional Library. (Show preferred library)
Current holds
0 current holds with 2 total copies.
Show Only Available Copies
| Location | Call Number / Copy Notes | Barcode | Shelving Location | Status | Due Date |
|---|---|---|---|---|---|
| Moorhead Public Library | E C (Text) | 33500013510771 | Main | Available | - |
| Moorhead Public Library | E C (Text) | 33500013510789 | Main | Available | - |
Record details
- ISBN: 9781681375687
- ISBN: 1681375680
- Physical Description: 1 volume (unpaged) : illustrations (some color) ; ... Read More
- Publisher: New York : New York Review Children's Collection, 2021.
- Copyright: ©2019.
Content descriptions
| General Note: | Originally published in Lexington, Massachusetts, in 1973 by Ginn and Co. |
| Summary, etc.: | When her friends tease her for dreaming of being ... Read More |
| Target Audience Note: | 004-008. New York Review Books. K-1. New York Review Books. |
Search for related items by subject
| Genre: | Fiction. Juvenile works. Picture books. |
| LDR | 02601cam a2200625 i 4500 | ||
|---|---|---|---|
| 001 | 378744 | ||
| 003 | LARL_NWRL_CONSORTIUM | ||
| 005 | 20211217153105.0 | ||
| 008 | 210107s2021 nyua b 000 1 eng | ||
| 010 | . | ‡a 2020057930 | |
| 040 | . | ‡aDLC ‡beng ‡erda ‡cDLC ‡dMJ8 ‡dOCLCO ‡dOCLCF ‡dTOH ‡dOCLCO ‡dBKL ‡dUAP ‡dNYP ‡dOQX ‡dFMG ‡dSDG ‡dTCH ‡dBDX ‡dUAB | |
| 019 | . | ‡a1268532473 | |
| 020 | . | ‡a9781681375687 ‡q(cloth) | |
| 020 | . | ‡a1681375680 ‡q(cloth) | |
| 020 | . | ‡z9781681376035 ‡q(ebook) | |
| 035 | . | ‡a(OCoLC)1227976845 ‡z(OCoLC)1268532473 | |
| 042 | . | ‡alcac ‡apcc | |
| 043 | . | ‡azo----- | |
| 082 | 0 | 0. | ‡a[E] ‡223 |
| 100 | 1 | . | ‡aCain, Linda C., ‡eauthor. |
| 245 | 1 | 0. | ‡aBlast off / ‡cby Linda C. Cain and Susan Rosenbaum ; illustrated by Leo and Diane Dillon. |
| 264 | 1. | ‡aNew York : ‡bNew York Review Children's Collection, ‡c2021. | |
| 264 | 4. | ‡c©2019. | |
| 300 | . | ‡a1 volume (unpaged) : ‡billustrations (some color) ; ‡c20 x 24 cm. | |
| 336 | . | ‡atext ‡btxt ‡2rdacontent | |
| 336 | . | ‡astill image ‡bsti ‡2rdacontent | |
| 337 | . | ‡aunmediated ‡bn ‡2rdamedia | |
| 338 | . | ‡avolume ‡bnc ‡2rdacarrier | |
| 500 | . | ‡aOriginally published in Lexington, Massachusetts, in 1973 by Ginn and Co. | |
| 521 | . | ‡a004-008. ‡bNew York Review Books. | |
| 521 | . | ‡aK-1. ‡bNew York Review Books. | |
| 520 | . | ‡aWhen her friends tease her for dreaming of being an astronaut, a young African American girl uses discarded items to make a spaceship for her interstellar journey. | |
| 650 | 0. | ‡aAstronauts ‡vJuvenile fiction. | |
| 651 | 0. | ‡aOuter space ‡vJuvenile fiction. | |
| 650 | 0. | ‡aAfrican Americans ‡vJuvenile fiction. ‡0(LARL_NWRL_CONSORTIUM)163089 | |
| 650 | 1. | ‡aAstronauts ‡vFiction. ‡0(LARL_NWRL_CONSORTIUM)170783 | |
| 651 | 1. | ‡aOuter space ‡vFiction. | |
| 650 | 1. | ‡aAfrican Americans ‡vFiction. ‡0(LARL_NWRL_CONSORTIUM)163084 | |
| 650 | 7. | ‡aJUVENILE FICTION / Action & Adventure / General. ‡2bisacsh | |
| 650 | 7. | ‡aAfrican Americans. ‡2fast ‡0(LARL_NWRL_CONSORTIUM)13026 | |
| 650 | 7. | ‡aAstronauts. ‡2fast ‡0(LARL_NWRL_CONSORTIUM)14186 | |
| 651 | 7. | ‡aOuter space. ‡2fast ‡0(LARL_NWRL_CONSORTIUM)27375 | |
| 655 | 7. | ‡aFiction. ‡2fast | |
| 655 | 7. | ‡aJuvenile works. ‡2fast | |
| 655 | 7. | ‡aPicture books. ‡2lcgft | |
| 700 | 1 | . | ‡aRosenbaum, Susan, ‡eauthor. |
| 700 | 1 | . | ‡aDillon, Diane, ‡eillustrator. ‡0(LARL_NWRL_CONSORTIUM)48777 |
| 700 | 1 | . | ‡aDillon, Leo, ‡eillustrator. ‡0(LARL_NWRL_CONSORTIUM)48780 |
| 776 | 0 | 8. | ‡iOnline version: ‡aCain, Linda C. ‡tBlast off ‡dNew York City : New York Review Books, 2021 ‡z9781681376035 ‡w(DLC) 2020057931 |
| 901 | . | ‡a378744 ‡bOCoLC ‡c378744 ‡tbiblio ‡soclc | |

Add to basket
Permalink
Enable Highlighting